Statistics for Countries Most Similar To Kazakhstan

Click here to take the quiz!

General Stats

  • This quiz has been taken 33 times
  • The average score is 16 of 20

Answer Stats

RankCountryScore% Correct
1Kyrgyzstan79.2
100%
5Russia70.8
100%
3Turkmenistan75
96%
2Uzbekistan79
96%
9Mongolia66.3
92%
7Tajikistan70
92%
6Belarus70.6
88%
12Turkey63.6
88%
4Azerbaijan71.3
83%
8Ukraine67.4
83%
10Armenia64.2
79%
15Georgia60.8
79%
17Bulgaria60.4
75%
14Iran60.9
71%
19Romania59.3
71%
11Moldova63.6
67%
13Serbia61.4
63%
20Bosnia and Herzegovina58.8
58%
18Lithuania59.4
58%
16North Macedonia60.8
50%

Score Distribution

Percentile by Number Answered

Percent of People with Each Score

Your Score History

You have not taken this quiz